Catálogo

Vista normal Vista MARC

Entrada Personal Name

Número de registros utilizados en: 1

001 - CONTROL NUMBER

  • control field: 16995

003 - CONTROL NUMBER IDENTIFIER

  • control field: DLC

005 - DATE AND TIME OF LATEST TRANSACTION

  • control field: 20250425111557.0

008 - FIXED-LENGTH DATA ELEMENTS

  • fixed length control field: 980812n| azannaabn |a aaa

010 ## - LIBRARY OF CONGRESS CONTROL NUMBER

  • LC control number: n 98072692

035 ## - SYSTEM CONTROL NUMBER

  • System control number: (OCoLC)oca04794871

040 ## - CATALOGING SOURCE

  • Original cataloging agency: DLC
  • Language of cataloging: spa
  • Description conventions: rda
  • Transcribing agency: Mx-PuUPA
  • Modifying agency: ICU
  • Modifying agency: DLC
  • Modifying agency: Mx-PuUPA

046 ## - SPECIAL CODED DATES

  • Birth date: 19370814
  • Source of date scheme: edtf

100 1# - HEADING--PERSONAL NAME

  • Personal name: Womack, John,
  • Titles and other words associated with a name: Jr.,
  • Dates associated with a name: 1937-

372 ## - FIELD OF ACTIVITY

  • Field of activity: América Latina--Historia
  • Source of term: lcsh

373 ## - ASSOCIATED GROUP

  • Associated group: Universidadde Harvard
  • Source of term: naf

374 ## - OCCUPATION

  • Occupation: Historiador
  • Source of term: lcsh

374 ## - OCCUPATION

  • Occupation: Autor
  • Source of term: lcsh

375 ## - GENDER

  • Gender: hombre

377 ## - ASSOCIATED LANGUAGE

  • Language code: eng

400 1# - SEE FROM TRACING--PERSONAL NAME

  • Control subfield: nne
  • Personal name: Womack, John,
  • Dates associated with a name: 1937-

670 ## - SOURCE DATA FOUND

  • Source citation: Rebellion in Chiapas, c1999:
  • Information found: CIP t.p. (John Womack, Jr.) data sheet (b. Aug. 14, 1937)

670 ## - SOURCE DATA FOUND

  • Source citation: LC database, Aug. 12, 1998
  • Information found: (hdg.: Womack, John, 1937- ) Oct. 15, 2015 (usage: John Womack Jr.)

670 ## - SOURCE DATA FOUND

  • Source citation: LC manual auth. card
  • Information found: (Ph. D., history, 1965, Harvard; teaches Latin American history at Harvard)